| 000 | 008330000a22001690004500 | ||
|---|---|---|---|
| 001 | 14374 | ||
| 020 | _a84-206-7720-5 | ||
| 041 | 0 | _aSPA | |
| 082 | 0 | 4 | _aR 303.483 C3489g |
| 100 | 1 | _aCastells, Manuel | |
| 245 | 1 | 0 | _aLa era de la información: Fin de milenio / Manuel Castells ; Carmen Martínez Gimeno, Jesús Alborés,Traductores |
| 250 | _a4 | ||
| 260 | _aMadrid : Alianza Editorial | ||
| 300 | _a486 Pág. | ||
| 505 | 0 | 0 | _a- La crisis del estatismo industrial y el colapso de la Unión Soviética - El Cuarto Mundo: capitalismo informacional, pobreza y exclusión social - La conexión perversa: la economía criminal global - Desarrollo y crisis en el Pacífico asíatico: la globalización y el Estado - La unificación de Europa: globalización, identidad y el Estado red - Conclusión: Entender nuestro mundo |
| 942 | _cBK | ||
| 999 |
_c43246 _d43246 |
||